[Event "Stuttgart-chB int"]
[Site "Gerlingen"]
[Date "2011.06.02"]
[Round "2"]
[White "Rieder, Josef"]
[Black "Duran, Suat"]
[Result "1-0"]
[WhiteElo "1851"]
[BlackElo "1687"]
[PlyCount "71"]
[EventDate "2011.06.02"]
[EventType "swiss"]
[EventRounds "7"]
[EventCountry "GER"]
[SourceTitle "EXT 2018"]
[Source "ChessBase"]
[SourceDate "2017.10.13"]
[SourceVersion "1"]
[SourceVersionDate "2017.10.13"]
[SourceQuality "1"]

1. e4 c6 2. d4 d5 3. exd5 cxd5 4. c4 Nc6 5. Be3 Nf6 6. Nc3 Bf5 7. Nf3 e6 8. Be2 Be7 9. 0-0 0-0 10. Nh4 Bg6 11. Nxg6 fxg6 12. cxd5 exd5 13. Bf3 Bb4 14. Qb3 Bxc3 15. bxc3 Na5 16. Qb4 Rc8 17. Bg5 Rc4 18. Qa3 b6 19. Bg4 Re8 20. Rfe1 Rc6 21. Kf1 Qb8 22. Rxe8+ Qxe8 23. Re1 Qf7 24. Bxf6 Rxf6 25. Bf3 h5 26. Qe7 Rxf3 27. gxf3 Qxf3 28. Qd8+ Kh7 29. Re8 Qd1+ 30. Re1 Qd3+ 31. Kg1 Qxc3 32. Re8 g5 33. Rh8+ Kg6 34. Qd6+ Kf5 35. Rf8+ Kg4 36. f3+ 1-0

[Event "Stuttgart-chB int"]
[Site "Ditzingen"]
[Date "2010.05.14"]
[Round "4"]
[White "Duran, Suat"]
[Black "Mager, Denis"]
[Result "1-0"]
[WhiteElo "1687"]
[BlackElo "1538"]
[PlyCount "71"]
[EventDate "2010.05.13"]
[EventType "swiss"]
[EventRounds "7"]
[EventCountry "GER"]
[SourceTitle "EXT 2018"]
[Source "ChessBase"]
[SourceDate "2017.10.13"]
[SourceVersion "1"]
[SourceVersionDate "2017.10.13"]
[SourceQuality "1"]

1. e4 e6 2. d4 d5 3. exd5 exd5 4. Bd3 Bd6 5. Ne2 Ne7 6. 0-0 0-0 7. c3 Bf5 8. Bxf5 Nxf5 9. Qb3 b6 10. Bf4 c6 11. Bxd6 Qxd6 12. Nd2 Nd7 13. Nf3 Rfe8 14. Qc2 Qg6 15. Nf4 Qg4 16. Nd3 f6 17. h3 Qh5 18. Nf4 Qf7 19. Qxf5 Re4 20. Qg4 Nf8 21. Qg3 g5 22. Nd3 Qe7 23. Rfe1 h5 24. Nd2 Re6 25. Rxe6 Qxe6 26. Re1 Qf5 27. Qf3 Qg6 28. Nb4 Rc8 29. Nxc6 Rxc6 30. Qxd5+ Re6 31. Rxe6 Nxe6 32. Qxe6+ Kg7 33. Ne4 g4 34. hxg4 hxg4 35. Qe7+ Kg8 36. Nxf6+ 1-0

[Event "Stuttgart-chB int"]
[Site "Ditzingen"]
[Date "2010.05.13"]
[Round "2"]
[White "Duran, Suat"]
[Black "Ellinger, Harald"]
[Result "0-1"]
[WhiteElo "1687"]
[BlackElo "1854"]
[PlyCount "70"]
[EventDate "2010.05.13"]
[EventType "swiss"]
[EventRounds "7"]
[EventCountry "GER"]
[SourceTitle "EXT 2018"]
[Source "ChessBase"]
[SourceDate "2017.10.13"]
[SourceVersion "1"]
[SourceVersionDate "2017.10.13"]
[SourceQuality "1"]

1. e4 c5 2. Nf3 d6 3. d4 cxd4 4. Nxd4 Nf6 5. Nc3 Nc6 6. Be2 Bd7 7. Be3 g6 8. f3 h5 9. a3 Bg7 10. Qd2 a6 11. Bc4 Ne5 12. Bb3 Rc8 13. Nde2 Nc4 14. Bxc4 Rxc4 15. Rb1 b5 16. 0-0 0-0 17. Bh6 Qb6+ 18. Kh1 Rfc8 19. Bxg7 Kxg7 20. b3 R4c7 21. Rbc1 b4 22. axb4 Qxb4 23. Rfd1 Rxc3 24. Nxc3 Rxc3 25. Ra1 Bb5 26. Re1 Qc5 27. Ra2 Nd7 28. f4 f6 29. Qd1 Qf2 30. Qc1 h4 31. h3 Rg3 32. Rg1 Bc6 33. Qe1 Qxf4 34. Rxa6 Bxe4 35. Ra4 Rxh3# 0-1

[Event "Stuttgart-chB int"]
[Site "Gerlingen"]
[Date "2007.05.17"]
[Round "2"]
[White "Duran, Suat"]
[Black "Pelezki, Sergej"]
[Result "0-1"]
[WhiteElo "1534"]
[BlackElo "1750"]
[PlyCount "56"]
[EventDate "2007.05.17"]
[EventType "swiss"]
[EventRounds "7"]
[EventCountry "GER"]
[SourceTitle "EXT 2018"]
[Source "ChessBase"]
[SourceDate "2017.10.13"]
[SourceVersion "1"]
[SourceVersionDate "2017.10.13"]
[SourceQuality "1"]

1. e4 c6 2. d4 d5 3. e5 Bf5 4. Nf3 e6 5. Be2 Nd7 6. c3 c5 7. Bf4 Qb6 8. Qb3 Qxb3 9. axb3 f6 10. exf6 gxf6 11. Nbd2 Bg6 12. Bg3 Nh6 13. dxc5 Bxc5 14. b4 Be7 15. Nd4 Kf7 16. f4 Nf5 17. N2f3 Ne3 18. Nh4 e5 19. f5 exd4 20. fxg6+ hxg6 21. Kf2 f5 22. Nf3 Ng4+ 23. Ke1 dxc3 24. bxc3 Bf6 25. Kd2 Rhe8 26. Bb5 Red8 27. Bc7 Rdc8 28. h3 Nf2 0-1